Black Panther: (Record no. 49363)
| 000 -LEADER | |
|---|---|
| fixed length control field | 00650nam a2200145 4500 |
| 020 ## - INTERNATIONAL STANDARD BOOK NUMBER | |
| International Standard Book Number | 9781801080965 |
| 100 ## - MAIN ENTRY--PERSONAL NAME | |
| Personal name | Smith, Ronald L. |
| 9 (RLIN) | 86574 |
| 245 ## - TITLE STATEMENT | |
| Title | Black Panther: |
| Remainder of title | the young prince / |
| Statement of responsibility, etc | Ronald L. Smith |
| 260 ## - PUBLICATION, DISTRIBUTION, ETC. (IMPRINT) | |
| Place of publication, distribution, etc | UK: |
| Name of publisher, distributor, etc | Auttumn Publishing; |
| Date of publication, distribution, etc | 2022. |
| 300 ## - PHYSICAL DESCRIPTION | |
| Extent | 262 p. |
| Dimensions | 20 cm. |
| 520 ## - SUMMARY, ETC. | |
| Summary, etc | A 12 year old boy must deal with becoming King of Wakanda and taking on the role of being the next Black Panther from his father, while also learning to understand and accept the world around you, even when it is against you. |
| 650 ## - SUBJECT ADDED ENTRY--TOPICAL TERM | |
| Topical term or geographic name as entry element | Wakanda. Prince. African superhero. |
| Form subdivision | Fiction. |
| 9 (RLIN) | 86575 |
| 655 ## - INDEX TERM--GENRE/FORM | |
| Genre/form data or focus term | Fantasy. |
| 9 (RLIN) | 56253 |
| 942 ## - ADDED ENTRY ELEMENTS (KOHA) | |
| Source of classification or shelving scheme | |
| Koha item type | J FIC BOOKS |
| Withdrawn status | Lost status | Source of classification or shelving scheme | Damaged status | Not for loan | Collection code | Home library | Current library | Shelving location | Date acquired | Full call number | Barcode | Date last seen | Price effective from | Koha item type |
|---|---|---|---|---|---|---|---|---|---|---|---|---|---|---|
| SECONDARY | Asian Hope Secondary Library | Asian Hope Secondary Library | Junior Fiction | 08/20/2025 | J FIC SMI | 208707 | 01/16/2026 | 08/20/2025 | J FIC BOOKS |